| 000 | 01515cam a2200301 a 4500 | ||
|---|---|---|---|
| 001 | 15404899 | ||
| 005 | 20090901071127.0 | ||
| 008 | 080808s2009 njua b 001 0 eng | ||
| 010 | _a 2008035083 | ||
| 020 | _a 9780137142811(pbk. : alk. paper) | ||
| 020 | _a013714281 (pbk. : alk. paper) | ||
| 035 | _a(OCoLC)ocn212857781 | ||
| 040 |
_aDLC _cDLC _dBTCTA _dBAKER _dYDXCP _dC#P _dBWX _dDLC |
||
| 050 | 0 | 0 |
_aHF5549 _b.D437884 2009 |
| 082 | 0 | 0 |
_a658.3 _222 _bDES |
| 100 | 1 |
_aDessler, Gary, _d2009 _99095 |
|
| 245 | 1 | 0 |
_aFundamentals of human resource management : _bcontent, competencies, and applications / _cGary Dessler. |
| 260 |
_aUpper Saddle River, N.J. : _bPrentice Hall, _cc2009. |
||
| 300 |
_axxv, 504 p. : _bcol. ill. ; _c28 cm. |
||
| 504 | _aIncludes bibliographical references and indexes. | ||
| 650 | 0 |
_aPersonnel management. _99096 |
|
| 856 | 4 | 1 |
_3Table of contents only _uhttp://www.loc.gov/catdir/toc/ecip0825/2008035083.html |
| 906 |
_a7 _bcbc _corignew _d1 _eecip _f20 _gy-gencatlg |
||
| 942 |
_2ddc _cARCH |
||
| 999 |
_c12840 _d12840 |
||